=LDR 00000nam 2200000 4500 =001 INLIS000000000023452 =005 20150305090357.0 =006 =007 =008 Ind =035 ##$$0010-061300000023452 =041 ##$$a Ind =082 ##$$a 796 =090 ##$$a 796, Cla p =100 ##$$a Clark, Nancy =245 ##$$a Petunjuk gizi, Untuk setiap cabang olahraga, Nancy Clark, MS, RD =260 ##$$a 1996 $b Jakarta =300 ##$$a xiv, 246 hlm, 26 cm =650 ##$$a Olahraga - Pengaturan makanan =850 ##$$a NBPNMAT =990 ##$$a 21197060/BPAP-NTB/2014 =990 ##$$a 0001/BPAP-NTB/20142015 =990 ##$$a 0001/BPAP-NTB/2016 =990 ##$$a 0001/BPAP-NTB/2016